01213nam a22002657a 45000010005000000030006000050050017000110080041000280400029000690500008000980820008001061000021001142450125001352600067002603000050003274900016003775050008003935200236004015200102006375210029007395210020007686500082007886500042008707000035009128834FISKH20251022112713.0251022b cb ||||| |||| 00| 0 eng d aFISKHbkhrcFISKHdFISKH aPZ7 a895 aPhana, Sat Kolab aសុភីដាំជ្រូក​ /cអ្នកនិពន្ធ សាត កុលាបផាន់ណា​ aPhnom Penh :bមូលនិធិអាសុី ,​c2020. a16 pages : bcolor illustrations ; c30 cm .  aLet's Read  aH  aសុភីឃើញមីងចំណានមានជ្រូកច្រើន ដូច្នេះនាងក៏មានគំនិតចង់បានជ្រូកមួយក្បាលយកទៅដាំ ។​  a"Sophea saw that Aunt Channan had many pigs, so she had the idea of wanting to get one to raise." a400 bLexile estimate  aH bRaz-Plus  aសុភីដាំជ្រូកvរឿងនិទានកុមារ aSophy plants pigvChildren's Stories  aSreynuch , Sorn eIllustrator